000 01290namaa22003131i 4500
005 20260423094113.0
008 260423s1995 ua a|||frm||| 000 0 eng d
040 _aEG-GICUC
_beng
_cEG-GICUC
_dEG-GICUC
_erda
041 0 _aeng
_beng
_bara
049 _aDeposit
097 _aM.Sc
099 _aCai01.11.25.M.Sc.1995.Ah.M.
100 0 _aAhmed Abdel Hassib Mohammed,
_epreparation.
245 1 0 _aMedical Treatment Of Osteogenesis Imperfecta /
_cBy Ahmed Abdel Hassib Mohammed; Under Supervision Prof.Dr. Ahmed Hoseny Omar Zaafan, Prof.Dr. Naguib Youssef Basha.
246 1 5 _aالعلاج الدوائي لمرض تكون العظام الناقص /
264 0 _c1995.
300 _a116 pages :
_billustrations ;
_c30 cm. +
336 _2rda content
_atext
337 _2rdamedia
_aUnmediated
338 _2rdacarrier
_avolume
502 _aThesis (M.Sc.) -Cairo University, 1995.
504 _aBibliography: pages 95-116.
653 0 _aOrthopacdic Surgery
700 0 _aAhmed Hoseny Omar Zaafan
_ethesis advisor.
700 0 _aNaguib Youssef Basha
_ethesis advisor.
900 _DDepartment of Orthopacdic Surgery
_FFaculty of Medicine
_UCairo University
_b1995
_cAhmed Hoseny Omar Zaafan
_cNaguib Youssef Basha
905 _aEman El gebaly
942 _2ddc
_cTH
_e21
_n0
999 _c179688